Language learning strategies : What every teacher should know

Enregistré dans:
Détails bibliographiques
Auteur principal: Oxford, Rebecca L.
Format: Livre
Langue:Undetermined
Publié: Boston, MA Heinle & Heinle 1990
Sujets:
Tags: Ajouter un tag
Pas de tags, Soyez le premier à ajouter un tag!
Thư viện lưu trữ: Trung tâm Học liệu Trường Đại học Cần Thơ
LEADER 00593nam a2200217Ia 4500
001 CTU_128019
008 210402s9999 xx 000 0 und d
020 |c 153000 
082 |a 418.0071 
082 |b O.98 
100 |a Oxford, Rebecca L. 
245 0 |a Language learning strategies : 
245 0 |b What every teacher should know 
245 0 |c Rebecca L. Oxford 
260 |a Boston, MA 
260 |b Heinle & Heinle 
260 |c 1990 
650 |a Language and languages 
650 |x Study and teaching. 
904 |i Minh 
980 |a Trung tâm Học liệu Trường Đại học Cần Thơ